000 00456pab a2200169 454500
008 180718b2011 xxu||||| |||| 00| 0 eng d
100 _aRamachandaran, Shastri
245 _aHaren Pandya's murder: Questions without answers
260 _c2011
300 _ap.10-12.
362 _a24 Dec
650 _aGujarat - Politics and government
650 _aPolitics and government
773 _aEconomic and Political Weekly
908 _aN
909 _a95481
999 _c95481
_d95481